书目信息 |
| 题名: |
舞蹈艺术
|
|
| 作者: | ;文化部文学艺术研究院舞蹈研究所《舞蹈艺术》编委会 编 | |
| 分册: | 第4期 | |
| 出版信息: | 北京 文化艺术出版社 1982 |
|
| 页数: | 282页 | |
| 开本: | 20cm | |
| 丛书名: | ||
| 单 册: | ||
| 中图分类: | J71 | |
| 科图分类: | ||
| 主题词: | 舞蹈艺术--丛刊 | |
| 电子资源: | ||
| ISBN: | ||
| 000 | 00684nam0 2200205 45 | |
| 001 | 0183012517 | |
| 005 | 20060725164230.48 | |
| 010 | @dCNY0.95 | |
| 100 | @a19960320d1982 em y0chiy0121 ea | |
| 101 | 0 | @achi |
| 102 | @aCN@b110000 | |
| 105 | @ay z 000yy | |
| 200 | 10 | @a舞蹈艺术@Awu dao yi shu@e丛刊@h第4期@f文化部文学艺术研究院舞蹈研究所《舞蹈艺术》编委会编@FWen Hua Bu Wen Xue Yi Shu Yan Jiu Yuan Wu Dao Yan Jiu Suo《Wu Dao Yi Shu》Bian Wei Hui Bian |
| 210 | @a北京@c文化艺术出版社@d1982 | |
| 215 | @a282页@d20cm | |
| 606 | @a舞蹈艺术@x丛刊 | |
| 690 | @aJ71@v3 | |
| 711 | 02 | @a文化部文学艺术研究院舞蹈研究所《舞蹈艺术》编委会@4编 |
| 801 | 0 | @aCN@bNLC@c20060725 |
| 905 | @dJ71@e3:4 | |
| 舞蹈艺术:丛刊.第4期/文化部文学艺术研究院舞蹈研究所《舞蹈艺术》编委会编.-北京:文化艺术出版社,1982 |
| 282页;20cm |
| ISBN :CNY0.95 |
| ● |
| 相关链接 |
|
|
|
|
正题名:舞蹈艺术
索取号:J71/3:4
 
预约/预借
| 序号 | 登录号 | 条形码 | 馆藏地/架位号 | 状态 | 备注 |
| 1 | 0436229 | 204362297 | 密集书库/ [索取号:J71/3:4] | 在馆 | |
| 2 | 0436230 | 204362304 | 密集书库/ [索取号:J71/3:4] | 在馆 |